00567cam a2200169 450000100070000000500170000700800410002404000180006508200200008310000230010324501180012626000400024430000180028450000610030265000120036365000220037531503520240206050617.0730926s1973 ce a b 000 0 eng  aDLCcDLCdDLC00a306.3222bWEE.1 aWeerasooria, W. S.14aThe Nattukottai Chettiar merchant bankers in Ceylon,cby W. S. Weerasooria. With a foreword by William Tennekoon. aDehiwala,bTisara Prakasakayoc1973 axxvii, 170 p. aA revision of the author's thesis, University of Ceylon. 0aFinance 0aBanks and banking